| 000 | 00000nam##2200000za#4500 |
| 001 | 9.663101 |
| 003 | CaOODSP |
| 005 | 20210615120904 |
| 007 | ta |
| 008 | 150407|2001||||xxc||||| f|0| 0 eng|d |
| 020 | |a0-662-65989-9 |
| 040 | |aCaOODSP|beng |
| 041 | |aeng |
| 041 | |afre |
| 043 | |an-cn--- |
| 086 | 1 |aC2-589/2001 |
| 110 | 1 |aCanada. |bIndustry Canada. |
| 245 | 10|aImproving the regulation of genetically modified foods and other novel foods in Canada : |binterim report to the government of Canada Biotechnology Ministerial Coordinating Committee / |cIssued by the Canadian Biotechnology Advisory Committee. |
| 260 | |aOttawa - Ontario : |bIndustry Canada |c2001. |
| 300 | |aEnglish text, 70p. : |breferences ; |c28 cm. |
| 546 | |aBilingual |
| 563 | |aSoftcover |
| 590 | |a01-42|b2001-10-19 |
| 690 | 07|aGenetic engineering|2gcpds |
| 690 | 07|aRegulations|2gcpds |
| 690 | 07|aAgri-food industry|2gcpds |
| 776 | 0#|tAméliorer la réglementation des aliments génétiquement modifiés et des autres aliments nouveaux au Canada : |w(CaOODSP)9.639346 |
| 776 | 0#|tImproving the regulation of genetically modified foods and other novel foods in Canada : |w(CaOODSP)9.695200 |
| 792 | |tAméliorer la réglementation des aliments génétiquement modifiés et des autres aliments nouveaux au Canada : |efre|w(CaOODSP)9.663102 |